[Event "XIII Festival A"]
[Site "Campobasso ITA"]
[Date "2006.07.23"]
[Round "5"]
[White "Di Lascio, Savino"]
[Black "Cappai, Davide"]
[Result "1-0"]
[WhiteElo "2048"]
[BlackElo "2092"]
[PlyCount "111"]
[EventDate "2006.07.21"]

1. Nf3 d6 2. g3 g6 3. Bg2 Bg7 4. O-O Nd7 5. d3 e5 6. e4 Ne7 7. Nc3 c6 8. h4 O-O
9. h5 f5 10. hxg6 hxg6 11. Bg5 Nf6 12. Nh4 Rf7 13. exf5 gxf5 14. Qd2 Bd7 15.
Rae1 Qb6 16. Bf3 Raf8 17. Kg2 Be6 18. b3 Bd5 19. Bxd5 cxd5 20. f3 Rc8 21. Ne2
Qc7 22. c4 d4 23. Rh1 Kf8 24. Bh6 Nfg8 25. Bxg7+ Rxg7 26. Rh3 b6 27. Kf2 Qd7
28. Reh1 Ke8 29. f4 Nf6 30. Ng2 Ng4+ 31. Ke1 Qb7 32. Ng1 Ng8 33. Qe2 e4 34. Rh5
Re7 35. Rh8 Kf8 36. Nh4 Rg7 37. Nxf5 exd3 38. Qe6 Re8 39. Qxe8+ Kxe8 40. Nxd6+
Kf8 41. Nxb7 Rxb7 42. Kd2 Re7 43. R1h5 N4f6 44. Re5 Rg7 45. Rh3 Ne7 46. Nf3 Kg8
47. Kxd3 Ng4 48. Re2 Nf5 49. Ng5 Nge3 50. g4 Nd6 51. Ne6 Rxg4 52. Nxd4 Ng2 53.
Ne6 Rg6 54. Rf3 Nf5 55. Re5 Nfh4 56. Rf2 1-0

[Event "XIII Festival A"]
[Site "Campobasso ITA"]
[Date "2006.07.23"]
[Round "5"]
[White "Frontini, Yuri Diego"]
[Black "Granaldi, Alessandro"]
[Result "1/2-1/2"]
[WhiteElo "2055"]
[BlackElo "1995"]
[PlyCount "94"]
[EventDate "2006.07.21"]

1. a3 e5 2. b4 a5 3. Bb2 axb4 4. axb4 Rxa1 5. Bxa1 Bxb4 6. Bxe5 Nf6 7. Nf3 Nc6
8. Bf4 O-O 9. e3 d5 10. Be2 Re8 11. O-O Bd6 12. Bg5 Be7 13. Nc3 h6 14. Bh4 Ne4
15. Bxe7 Rxe7 16. Nxe4 dxe4 17. Ne1 Rd7 18. d4 exd3 19. cxd3 Ne5 20. Qb3 c5 21.
f4 Nc6 22. Nc2 Re7 23. Rf2 Qa5 24. f5 c4 25. Qxc4 Bxf5 26. Qf4 Bg6 27. e4 Qc5
28. Bf1 Nd4 29. Nxd4 Qxd4 30. g3 Re5 31. Kg2 b5 32. Qd2 f5 33. exf5 Bxf5 34.
Rf4 Qd5+ 35. Kg1 Bd7 36. Qg2 Qe6 37. d4 Bc6 38. Qf2 Re1 39. Rf8+ Kh7 40. Qf5+
Qxf5 41. Rxf5 Bd7 42. Re5 Rxe5 43. dxe5 Kg6 44. Kf2 Bc6 45. Ke3 Kf5 46. Kd4 Ke6
47. Bh3+ Ke7 1/2-1/2

[Event "XIII Festival A"]
[Site "Campobasso ITA"]
[Date "2006.07.23"]
[Round "5"]
[White "Iafelice, Vincenzo"]
[Black "Palladino, Andrea"]
[Result "1/2-1/2"]
[WhiteElo "2074"]
[BlackElo "1874"]
[PlyCount "77"]
[EventDate "2006.07.21"]

1. e4 d6 2. d4 Nf6 3. Nc3 c6 4. g3 e5 5. Nge2 Bg4 6. Bg2 Be7 7. O-O O-O 8. h3
Bh5 9. Be3 Nbd7 10. a4 a5 11. Qd2 Qc7 12. g4 Rfe8 13. dxe5 dxe5 14. f4 exf4 15.
Bxf4 Qb6+ 16. Kh1 Bg6 17. g5 Nh5 18. Qxd7 Nxf4 19. Rxf4 Bxg5 20. Rff1 Rad8 21.
Qg4 Bf6 22. Rxf6 gxf6 23. h4 h5 24. Qf4 Qxb2 25. Rb1 Qxc2 26. Qxf6 Rd2 27. Nf4
Rxg2 28. Nxg2 Bxe4 29. Rg1 Re6 30. Nxe4 Qxe4 31. Qd8+ Kh7 32. Qxa5 Qf3 33. Kh2
Re4 34. Re1 b6 35. Qd2 Rg4 36. Rd1 Qg3+ 37. Kg1 Qh3 38. Qd7 Qe3+ 39. Kh1
1/2-1/2

[Event "XIII Festival A"]
[Site "Campobasso ITA"]
[Date "2006.07.23"]
[Round "5"]
[White "Lagumina, Giulio"]
[Black "Madan, Augustin"]
[Result "1-0"]
[WhiteElo "2315"]
[BlackElo "2411"]
[PlyCount "115"]
[EventDate "2006.07.21"]

1. d4 Nf6 2. c4 e6 3. Nc3 Bb4 4. f3 c5 5. d5 d6 6. e4 Bxc3+ 7. bxc3 e5 8. Bd3
Nbd7 9. Ne2 Nf8 10. g4 h6 11. h4 Ng6 12. h5 Nf8 13. Kf2 N8h7 14. Ng3 Ng5 15.
Be3 Nfh7 16. Kg2 Bd7 17. Rb1 Qc7 18. Bc2 O-O 19. Qd2 Rfb8 20. Rb2 a6 21. Bd3 b6
22. Rhb1 Rb7 23. Rb3 Rab8 24. Be2 f6 25. Qc1 Nf7 26. Qa3 Nd8 27. Qc1 Ng5 28.
Ra3 Ra8 29. Rab3 Ngf7 30. Bd3 Kf8 31. Qd2 Rab8 32. Ra3 Ra7 33. Rab3 Ng5 34. Ne2
Ndf7 35. Ng3 Ke8 36. Be2 Kd8 37. Bd3 Rab7 38. Ra3 Ra8 39. Rab3 Kc8 40. Qb2 Rab8
41. Qd2 b5 42. Be2 Rb6 43. Qb2 Nd8 44. cxb5 axb5 45. a4 Qa7 46. Bxb5 Bxb5 47.
Rxb5 Rxb5 48. axb5 Ra8 49. Nf5 Nb7 50. b6 Qa6 51. Kg3 Nf7 52. Nxg7 Qd3 53. Nf5
Ra5 54. Ra1 Rb5 55. Ra8+ Kd7 56. Qa3 Rxb6 57. Qa4+ Kc7 58. Qe8 1-0

[Event "XIII Festival A"]
[Site "Campobasso ITA"]
[Date "2006.07.23"]
[Round "5"]
[White "Ljubisavljevic, Zivojin Z."]
[Black "Rossi, Aldo A."]
[Result "1-0"]
[WhiteElo "2290"]
[BlackElo "2211"]
[PlyCount "91"]
[EventDate "2006.07.21"]

1. d4 Nf6 2. c3 d5 3. Bf4 c6 4. Nd2 Bf5 5. Qb3 Qb6 6. f3 e6 7. g4 Bg6 8. h4 h6
9. Nh3 Nbd7 10. Nf2 Rc8 11. e3 Be7 12. Bd3 Bxd3 13. Nxd3 c5 14. Qxb6 axb6 15.
Ke2 Bd8 16. Bd6 Be7 17. Bg3 Bd8 18. Rag1 g6 19. a3 Bc7 20. Bxc7 Rxc7 21. Nf4
Ke7 22. g5 Ne8 23. gxh6 Rxh6 24. h5 gxh5 25. Nxh5 Rc8 26. Nf4 Rxh1 27. Rxh1
Nef6 28. Kd3 Rg8 29. c4 Rg7 30. b4 Rg8 31. Kc3 Ra8 32. Kb3 Kd6 33. Rh6 Ke7 34.
Nd3 dxc4+ 35. Kxc4 Rxa3 36. dxc5 bxc5 37. bxc5 Nd5 38. e4 Rc3+ 39. Kd4 e5+ 40.
Nxe5 Rc2 41. Ndc4 Nxe5 42. Nxe5 Rd2+ 43. Kc4 Nf6 44. c6 Rb2 45. cxb7 Rxb7 46.
Nc6+ 1-0

[Event "XIII Festival A"]
[Site "Campobasso ITA"]
[Date "2006.07.23"]
[Round "5"]
[White "Miladinovic, Igor"]
[Black "Mrdja, Milan"]
[Result "1-0"]
[WhiteElo "2584"]
[BlackElo "2414"]
[PlyCount "73"]
[EventDate "2006.07.21"]

1. d4 Nf6 2. Bg5 e6 3. e3 c5 4. c3 cxd4 5. exd4 a6 6. Nd2 Be7 7. Bxf6 Bxf6 8.
Bd3 d5 9. f4 Qc7 10. g3 Nc6 11. Ngf3 g6 12. a4 Bd7 13. Qe2 Bg7 14. Kf1 O-O 15.
h4 f6 16. h5 gxh5 17. Rxh5 h6 18. Nh2 e5 19. Ng4 e4 20. Nxh6+ Bxh6 21. Rxh6 Bf5
22. Qh5 Qg7 23. Nxe4 Ne7 24. Nf2 Bxd3+ 25. Nxd3 Nf5 26. Qxf5 Qxh6 27. Qxd5+ Rf7
28. Re1 Qh3+ 29. Kf2 Qh2+ 30. Kf3 Qh3 31. Nf2 Qd7 32. Qxd7 Rxd7 33. Re6 Rf8 34.
Ne4 Kg7 35. Nc5 Rdf7 36. Rb6 Rc8 37. a5 1-0

[Event "XIII Festival A"]
[Site "Campobasso ITA"]
[Date "2006.07.23"]
[Round "5"]
[White "Ortega, Lexy"]
[Black "Scerbo, Antonio"]
[Result "1-0"]
[WhiteElo "2435"]
[BlackElo "2109"]
[PlyCount "121"]
[EventDate "2006.07.21"]

1. d4 Nf6 2. Nf3 g6 3. Nc3 Bg7 4. e4 d6 5. Be3 O-O 6. Qd2 c6 7. Bh6 b5 8. Bd3
Qb6 9. Bxg7 Kxg7 10. e5 dxe5 11. dxe5 Nd5 12. Nxd5 cxd5 13. Qb4 Nc6 14. Qxb5
Bg4 15. Qxb6 axb6 16. Bb5 Bxf3 17. Bxc6 Bxg2 18. Bxa8 Bxh1 19. Bb7 Rb8 20. Kd2
Rxb7 21. Rxh1 Ra7 22. a3 Ra4 23. f3 f6 24. Re1 e6 25. exf6+ Kxf6 26. Re3 Rh4
27. Rb3 Rxh2+ 28. Kd3 Rf2 29. Ke3 Rxc2 30. Rxb6 h5 31. Kf4 g5+ 32. Kg3 h4+ 33.
Kh3 d4 34. Rb3 Kf5 35. a4 Kf4 36. a5 d3 37. Rxd3 Rxb2 38. Ra3 Rb7 39. a6 Ra7
40. Kg2 e5 41. Ra4+ Kf5 42. Kh3 Kf6 43. Kg4 Kg6 44. Ra2 Kf6 45. Ra5 Kg6 46.
Rxe5 Rxa6 47. Rxg5+ Kf6 48. Rh5 Ra4+ 49. f4 h3 50. Rxh3 Kg6 51. Rh1 Rb4 52. Rc1
Ra4 53. Rc6+ Kf7 54. Kg5 Ra1 55. Rc7+ Ke6 56. f5+ Ke5 57. Re7+ Kd6 58. f6 Rg1+
59. Kf5 Rf1+ 60. Kg6 Rg1+ 61. Kf7 1-0

[Event "XIII Festival A"]
[Site "Campobasso ITA"]
[Date "2006.07.23"]
[Round "5"]
[White "Panella, Fiammetta"]
[Black "Canelli, Daniele"]
[Result "0-1"]
[WhiteElo "1954"]
[BlackElo "2066"]
[PlyCount "62"]
[EventDate "2006.07.21"]

1. e4 c5 2. Nf3 Nc6 3. d4 cxd4 4. Nxd4 Nxd4 5. Qxd4 e6 6. Nc3 a6 7. a4 Ne7 8.
Be3 Nc6 9. Qd2 Bb4 10. Bc4 O-O 11. O-O Qa5 12. f4 Rd8 13. Qf2 Bxc3 14. Bb6 Qxb6
15. Qxb6 Bd4+ 16. Qxd4 Nxd4 17. c3 Nc6 18. Rad1 d6 19. Rd2 Kf8 20. f5 exf5 21.
exf5 f6 22. h3 Ne5 23. Bd5 Rb8 24. g4 h6 25. Rg2 b5 26. h4 Bb7 27. Bxb7 Rxb7
28. g5 hxg5 29. hxg5 fxg5 30. Rxg5 bxa4 31. Rf4 Rxb2 0-1

[Event "XIII Festival A"]
[Site "Campobasso ITA"]
[Date "2006.07.23"]
[Round "5"]
[White "Quimi, Marco"]
[Black "Vuelban, Virgilio"]
[Result "0-1"]
[WhiteElo "2305"]
[BlackElo "2312"]
[PlyCount "40"]
[EventDate "2006.07.21"]

1. e4 c5 2. c3 Nf6 3. e5 Nd5 4. d4 cxd4 5. Bc4 Nb6 6. Bb3 d5 7. cxd4 Nc6 8. Ne2
Bf5 9. Nbc3 e6 10. O-O Bg6 11. Be3 a6 12. Rc1 Ne7 13. Bg5 Qd7 14. a4 Nc6 15.
Nf4 Be7 16. Nxg6 hxg6 17. f4 Bxg5 18. fxg5 Qe7 19. Qd2 Qb4 20. Qf4 Qxb3 0-1

[Event "XIII Festival A"]
[Site "Campobasso ITA"]
[Date "2006.07.23"]
[Round "5"]
[White "Rosato, Luciano"]
[Black "Grasso, Nino"]
[Result "1-0"]
[WhiteElo "2215"]
[BlackElo "1972"]
[PlyCount "101"]
[EventDate "2006.07.21"]

1. Nf3 Nf6 2. g3 d5 3. Bg2 c5 4. O-O Nc6 5. d3 e5 6. e4 dxe4 7. dxe4 Qxd1 8.
Rxd1 Bg4 9. Re1 O-O-O 10. Bg5 Be7 11. Na3 h6 12. Bxf6 Bxf6 13. Nc4 Bxf3 14.
Bxf3 b5 15. Ne3 Rd2 16. Rad1 Rhd8 17. Rxd2 Rxd2 18. Rd1 Rxd1+ 19. Bxd1 g6 20.
Be2 Nd4 21. Bg4+ Kd8 22. c3 Nc6 23. h4 h5 24. Be2 b4 25. Bc4 Ke8 26. Bb5 Kd7
27. cxb4 Be7 28. Nd5 Bf8 29. bxc5 Bxc5 30. Kf1 Kd6 31. Bxc6 Kxc6 32. Ke2 Bd4
33. b3 a5 34. f3 Kb5 35. g4 a4 36. bxa4+ Kxa4 37. gxh5 gxh5 38. Nf6 Bc5 39.
Nxh5 Be7 40. Kf2 Bxh4+ 41. Kg2 Kb4 42. Kh3 Bd8 43. Kg4 Kc4 44. Ng7 Kd3 45. Nf5
Ke2 46. Nd6 f6 47. a4 Be7 48. Nb7 Bb4 49. a5 Bc3 50. a6 Bd4 51. Nd8 1-0

[Event "XIII Festival A"]
[Site "Campobasso ITA"]
[Date "2006.07.23"]
[Round "5"]
[White "Santurbano, Maria Vincenza"]
[Black "Messina, Roberta"]
[Result "1-0"]
[WhiteElo "1985"]
[BlackElo "1859"]
[PlyCount "105"]
[EventDate "2006.07.21"]

1. e4 c5 2. Nf3 d6 3. d4 cxd4 4. Nxd4 Nf6 5. Nc3 a6 6. Be2 e6 7. a4 Nc6 8. O-O
Qc7 9. Be3 b6 10. Nxc6 Qxc6 11. Bf3 e5 12. Qe2 Bb7 13. Rfd1 Be7 14. a5 b5 15.
Nd5 Nxd5 16. exd5 Qc4 17. Qxc4 bxc4 18. Ra4 Bd8 19. Be2 Rc8 20. Rb4 Ba8 21. Bb6
O-O 22. Bxc4 Bxb6 23. axb6 Bb7 24. Ra1 Rc5 25. Bxa6 Ra8 26. Rba4 Rxc2 27. h3
Bxd5 28. b7 Rb8 29. Rd1 Bc6 30. Rb4 d5 31. Bd3 Rc5 32. Ra1 g6 33. Ra8 Rxa8 34.
bxa8=Q+ Bxa8 35. Rb8+ Kg7 36. Rxa8 e4 37. Ba6 Rc1+ 38. Kh2 d4 39. b4 d3 40. Rd8
Rc2 41. b5 Rb2 42. Kg3 Rb3 43. Kf4 f5 44. g4 fxg4 45. hxg4 Rb4 46. Ke3 h5 47.
f3 exf3 48. Kxf3 Rb3 49. gxh5 gxh5 50. Kf4 h4 51. Kg4 d2 52. Rxd2 h3 53. Rh2
1-0

[Event "XIII Festival A"]
[Site "Campobasso ITA"]
[Date "2006.07.23"]
[Round "5"]
[White "Scipioni, Gaetano"]
[Black "Vincenzi, Marco"]
[Result "1/2-1/2"]
[WhiteElo "2070"]
[BlackElo "2026"]
[PlyCount "60"]
[EventDate "2006.07.21"]

1. d4 Nf6 2. Nf3 c5 3. c3 e6 4. Bf4 b6 5. e3 Bb7 6. Nbd2 Nc6 7. Nc4 cxd4 8.
Nxd4 a6 9. Nd6+ Bxd6 10. Bxd6 Ne4 11. Ba3 Qf6 12. Qf3 Nxd4 13. cxd4 Qxf3 14.
gxf3 Ng5 15. Bd3 Nxf3+ 16. Ke2 e5 17. dxe5 Nxe5 18. Rhg1 Nxd3 19. Kxd3 g6 20.
Rac1 Bc6 21. Bd6 f5 22. h4 Kf7 23. h5 Rae8 24. h6 Re6 25. Bf4 Rc8 26. Kd2 b5
27. a3 a5 28. Rc5 Rce8 29. Rgc1 Re4 30. R1c2 a4 1/2-1/2

[Event "XIII Festival A"]
[Site "Campobasso ITA"]
[Date "2006.07.23"]
[Round "5"]
[White "Voiska, Margarita"]
[Black "Petruccioli, Antonio"]
[Result "1-0"]
[WhiteElo "2330"]
[BlackElo "2083"]
[PlyCount "83"]
[EventDate "2006.07.21"]

1. c4 b6 2. Nf3 Bb7 3. g3 Bxf3 4. exf3 c5 5. Bg2 Nc6 6. Nc3 g6 7. O-O Bg7 8. f4
Nf6 9. a3 O-O 10. d3 Rc8 11. Rb1 e6 12. Qa4 d5 13. f5 Ne5 14. fxe6 fxe6 15.
cxd5 exd5 16. Bg5 d4 17. Nd5 Kh8 18. Rbd1 Qd7 19. Qxd7 Nfxd7 20. Be7 Rf7 21.
Bh3 Rf3 22. Kg2 Rf7 23. f4 Nc6 24. Bxd7 Nxe7 25. Nxe7 Rc7 26. Nxg6+ hxg6 27.
Be6 Rfe7 28. Rde1 b5 29. b3 a5 30. a4 bxa4 31. bxa4 Rb7 32. h4 Rb4 33. h5 Rb2+
34. Kf3 gxh5 35. Rh1 Bf6 36. Rxh5+ Kg7 37. Rxc5 Rd2 38. Rc8 Kg6 39. Kg4 Rh2 40.
f5+ Kg7 41. Rg8+ Kh7 42. Rg6 1-0

[Event "XIII Festival A"]
[Site "Campobasso ITA"]
[Date "2006.07.23"]
[Round "6"]
[White "Canelli, Daniele"]
[Black "Capuano, Eugenio"]
[Result "0-1"]
[WhiteElo "2066"]
[BlackElo "2255"]
[PlyCount "71"]
[EventDate "2006.07.21"]

1. d4 Nf6 2. c4 g6 3. Nc3 Bg7 4. Bg5 O-O 5. Qd2 d6 6. e4 c5 7. d5 a6 8. Bd3 b5
9. cxb5 axb5 10. Bxb5 Qa5 11. Bd3 Nbd7 12. Nf3 Ba6 13. O-O Rfb8 14. Bxa6 Rxa6
15. Rab1 Nb6 16. Qd3 Na4 17. Nxa4 Qxa4 18. e5 dxe5 19. Nxe5 Rd8 20. Bxf6 Bxf6
21. Nc4 Qxa2 22. b3 Ra7 23. Rfd1 Rad7 24. Qf3 Rxd5 25. Rbc1 Rxd1+ 26. Rxd1 Rb8
27. Nd2 Qc2 28. g3 Rd8 29. Qe2 Bc3 30. Rf1 Rxd2 31. Qxe7 Bd4 32. Qe8+ Kg7 33.
Qe1 Re2 34. Qd1 Rxf2 35. Qxc2 Rxc2+ 36. Kh1 0-1

[Event "XIII Festival A"]
[Site "Campobasso ITA"]
[Date "2006.07.23"]
[Round "6"]
[White "Cordi', Domenico"]
[Black "Quimi, Marco"]
[Result "1-0"]
[WhiteElo "2065"]
[BlackElo "2305"]
[PlyCount "67"]
[EventDate "2006.07.21"]

1. e4 c5 2. Nf3 Nc6 3. d4 cxd4 4. Nxd4 Nf6 5. Nc3 d6 6. Be2 g6 7. Be3 Bg7 8.
Qd2 Bd7 9. f3 O-O 10. g4 Rc8 11. h4 Ne5 12. h5 Bxg4 13. hxg6 hxg6 14. Bh6 Bh5
15. O-O-O Bxh6 16. Qxh6 Rxc3 17. bxc3 Qa5 18. Nf5 gxf5 19. Rdg1+ Ng6 20. Rxh5
Nxh5 21. Rxg6+ fxg6 22. Bc4+ Rf7 23. Qxg6+ Ng7 24. Bxf7+ Kf8 25. Bb3 e6 26.
Qf6+ Kg8 27. Bxe6+ Nxe6 28. Qxe6+ Kg7 29. Qd7+ Kg8 30. Qc8+ Kg7 31. Qxb7+ Kf6
32. Qd7 Qxc3 33. Qxd6+ Kg5 34. Qd2+ 1-0

[Event "XIII Festival A"]
[Site "Campobasso ITA"]
[Date "2006.07.23"]
[Round "6"]
[White "Ficco, Corrado"]
[Black "Bottega, Antonio"]
[Result "1-0"]
[WhiteElo "2165"]
[BlackElo "1967"]
[PlyCount "139"]
[EventDate "2006.07.21"]

1. c4 e5 2. Nc3 Nc6 3. Nf3 Nf6 4. e3 d5 5. cxd5 Nxd5 6. Bb5 Nxc3 7. bxc3 Bd7 8.
O-O Bd6 9. d4 e4 10. Nd2 Qe7 11. c4 b6 12. Qa4 Nb8 13. Qc2 f5 14. f3 Qh4 15. f4
O-O 16. g3 Qh5 17. Rf2 c6 18. Ba4 Kh8 19. c5 Be7 20. Bb3 Na6 21. Ba3 b5 22. Qc3
Nc7 23. Bb2 a5 24. a4 b4 25. Qc1 Nd5 26. Nc4 Nf6 27. Ne5 Be8 28. Qd1 Qxd1+ 29.
Rxd1 Nd5 30. Re1 Bf6 31. Nc4 Be7 32. Rc2 Ra6 33. Kf2 Bd7 34. Ne5 Be6 35. Bc4
Rfa8 36. Bxa6 Rxa6 37. Nc4 b3 38. Rcc1 Nb4 39. Ne5 Bf6 40. Red1 Bxe5 41. fxe5
Ra8 42. Ke2 Rb8 43. Ra1 Nc2 44. Bc3 Nb4 45. Rdb1 h6 46. Bxb4 Rxb4 47. Rb2 Kg8
48. Kd2 g5 49. Kc3 Rc4+ 50. Kd2 Rb4 51. Ra3 Kf7 52. Kc3 h5 53. Raxb3 Bxb3 54.
Rxb3 Rxa4 55. Rb7+ Ke6 56. Rc7 Ra3+ 57. Kc4 Ra4+ 58. Kb3 Rb4+ 59. Kc3 f4 60.
Rxc6+ Ke7 61. gxf4 gxf4 62. exf4 e3 63. Kd3 e2 64. Kxe2 Rxd4 65. Ke3 Rc4 66. f5
a4 67. f6+ Kf7 68. Rc7+ Kg6 69. f7 Kg7 70. e6 1-0

[Event "XIII Festival A"]
[Site "Campobasso ITA"]
[Date "2006.07.23"]
[Round "6"]
[White "Granaldi, Alessandro"]
[Black "Santurbano, Maria Vincenza"]
[Result "1/2-1/2"]
[WhiteElo "1995"]
[BlackElo "1985"]
[PlyCount "64"]
[EventDate "2006.07.21"]

1. e4 e5 2. Nf3 Nc6 3. Bc4 Nf6 4. Ng5 d5 5. exd5 Na5 6. Bb5+ c6 7. dxc6 bxc6 8.
Be2 h6 9. Nh3 Bc5 10. d3 O-O 11. Nc3 Qb6 12. Na4 Qb5 13. Nxc5 Qxc5 14. Be3 Qb4+
15. Bd2 Qb6 16. O-O Nb7 17. Bc3 Re8 18. Bf3 Bf5 19. g4 Bg6 20. g5 hxg5 21. Nxg5
Nd6 22. Re1 Qc5 23. Ne4 Ndxe4 24. dxe4 Rad8 25. Qe2 Nh7 26. Rad1 Ng5 27. Bg2
Ne6 28. Rxd8 Rxd8 29. Rd1 Rxd1+ 30. Qxd1 Nf4 31. Qd8+ Kh7 32. Qh4+ Kg8 1/2-1/2

[Event "XIII Festival A"]
[Site "Campobasso ITA"]
[Date "2006.07.23"]
[Round "6"]
[White "Grasso, Nino"]
[Black "Bove, Alessandro"]
[Result "0-1"]
[WhiteElo "1972"]
[BlackElo "2097"]
[PlyCount "70"]
[EventDate "2006.07.21"]

1. e4 d6 2. d4 Nd7 3. Nf3 e5 4. Bc4 c6 5. O-O Qc7 6. Ng5 Nh6 7. f4 exd4 8. c3
dxc3 9. Nxc3 Be7 10. Qe2 Nc5 11. f5 Bf6 12. Bf4 b5 13. Bxb5 Bxc3 14. bxc3 cxb5
15. Rad1 O-O 16. Rxd6 Nxe4 17. Rxh6 Qc5+ 18. Be3 Nxc3 19. Qd2 Qe5 20. Rc6 Ne4
21. Nxe4 Qxe4 22. Rc5 Re8 23. Bd4 Bb7 24. f6 Rad8 25. Qg5 Qxd4+ 26. Kh1 Qxf6
27. Qxf6 gxf6 28. Rc7 Ba8 29. Rxa7 Rd2 30. Rg1 Bd5 31. Ra3 Rxa2 32. Rg3+ Kf8
33. h4 Re4 34. Rh3 Rg4 35. Rh2 Rgxg2 0-1

[Event "XIII Festival A"]
[Site "Campobasso ITA"]
[Date "2006.07.23"]
[Round "6"]
[White "Gromovs, Sergejs"]
[Black "Corvi, Marco"]
[Result "1-0"]
[WhiteElo "2314"]
[BlackElo "2318"]
[PlyCount "68"]
[EventDate "2006.07.21"]

1. d4 f5 2. f3 d6 3. e4 e5 4. Nc3 c6 5. Bc4 b5 6. Bb3 b4 7. Nce2 Nf6 8. Be3 Be7
9. Qd2 a5 10. exf5 Bxf5 11. Ng3 Qd7 12. dxe5 dxe5 13. Nxf5 Qxf5 14. Ne2 Qd7 15.
Ng3 Qxd2+ 16. Bxd2 Nbd7 17. Nf5 Bf8 18. O-O g6 19. Ne3 Nc5 20. Bc4 O-O-O 21.
Be1 Bh6 22. Bf2 Rd4 23. b3 Rd2 24. Nd1 Nfd7 25. a3 Kb7 26. axb4 axb4 27. Nb2
Ra8 28. Rxa8 Kxa8 29. Nd3 Bf8 30. Nxb4 Kb7 31. Be3 Rd6 32. Ra1 e4 33. Na6 Nxa6
34. Bxa6+ Kb8 1-0

[Event "XIII Festival A"]
[Site "Campobasso ITA"]
[Date "2006.07.23"]
[Round "6"]
[White "Iafelice, Vincenzo"]
[Black "Frontini, Yuri Diego"]
[Result "1-0"]
[WhiteElo "2074"]
[BlackElo "2055"]
[PlyCount "31"]
[EventDate "2006.07.21"]

1. e4 a6 2. d4 b5 3. Nf3 Bb7 4. Bd3 Nf6 5. Nbd2 e6 6. O-O c5 7. dxc5 Bxc5 8. e5
Nd5 9. Ne4 Be7 10. Bg5 f6 11. exf6 Nxf6 12. Bxf6 gxf6 13. Nh4 Rf8 14. Qh5+ Rf7
15. Rae1 Nc6 16. Nf5 1-0

[Event "XIII Festival A"]
[Site "Campobasso ITA"]
[Date "2006.07.23"]
[Round "6"]
[White "Iordachescu, Viorel"]
[Black "Ljubisavljevic, Zivojin Z."]
[Result "1-0"]
[WhiteElo "2603"]
[BlackElo "2290"]
[PlyCount "57"]
[EventDate "2006.07.21"]

1. e4 c5 2. Nf3 Nc6 3. Bb5 g6 4. Bxc6 bxc6 5. O-O Bg7 6. Re1 e5 7. c3 Qb6 8.
Na3 Ba6 9. d3 d6 10. d4 cxd4 11. cxd4 exd4 12. e5 dxe5 13. Nxe5 Bxe5 14. Rxe5+
Kf8 15. b4 Rd8 16. Qd2 f6 17. Re4 Kf7 18. Bb2 Ne7 19. Rae1 Rd7 20. Re6 Nf5 21.
b5 Bxb5 22. g4 Ng7 23. Rxf6+ Kxf6 24. Qf4+ Nf5 25. Qe5+ Kg5 26. Bc1+ Kh4 27.
gxf5 Qb8 28. Qe4+ Kh5 29. Qf3+ 1-0

[Event "XIII Festival A"]
[Site "Campobasso ITA"]
[Date "2006.07.23"]
[Round "6"]
[White "Lagumina, Giulio"]
[Black "Miladinovic, Igor"]
[Result "0-1"]
[WhiteElo "2315"]
[BlackElo "2584"]
[PlyCount "50"]
[EventDate "2006.07.21"]

1. d4 d5 2. c4 Nc6 3. cxd5 Qxd5 4. e3 e5 5. Nc3 Bb4 6. Bd2 Bxc3 7. Bxc3 exd4 8.
Ne2 Nf6 9. Nxd4 O-O 10. Qb3 Nxd4 11. Bxd4 Qg5 12. O-O-O c5 13. Bxf6 Qxf6 14. f3
b5 15. Kb1 c4 16. Qc3 Qe7 17. Be2 Be6 18. Qe5 Rac8 19. Ka1 c3 20. bxc3 Qa3 21.
Rd2 Rc5 22. Qd6 Qxc3+ 23. Rb2 Rd5 24. Qb4 Qxe3 25. Re1 Rfd8 0-1

[Event "XIII Festival A"]
[Site "Campobasso ITA"]
[Date "2006.07.23"]
[Round "6"]
[White "Madan, Augustin"]
[Black "Rossi, Aldo A."]
[Result "1-0"]
[WhiteElo "2411"]
[BlackElo "2211"]
[PlyCount "137"]
[EventDate "2006.07.21"]

1. e4 d6 2. d4 Nf6 3. Nc3 Nbd7 4. Nf3 e5 5. Bc4 Be7 6. O-O h6 7. a4 c6 8. a5
Qc7 9. Re1 O-O 10. h3 Re8 11. Be3 Bf8 12. Bb3 exd4 13. Bxd4 Ne5 14. Be3 Ng6 15.
Bd4 Ne5 16. Nd2 Be6 17. Bxe6 Rxe6 18. f4 Ned7 19. Qf3 Ree8 20. Nf1 g6 21. g4
Bg7 22. Kg2 a6 23. Nd2 Re7 24. Nb3 Rae8 25. Bf2 Nh7 26. Bd4 Nhf6 27. Re2 Rc8
28. Bf2 Nh7 29. Rd1 Rce8 30. Bd4 Nhf6 31. h4 Rd8 32. g5 hxg5 33. hxg5 Nh5 34.
Bxg7 Nxg7 35. Red2 Nf8 36. Ne2 Nh5 37. Ng3 Nxg3 38. Kxg3 Rde8 39. Re1 d5 40. e5
Ne6 41. Rh2 Rd7 42. Qg4 Ng7 43. Reh1 Kf8 44. Nc5 Rdd8 45. Qf3 Nf5+ 46. Kg4 Qc8
47. e6 Rxe6 48. Nxe6+ Qxe6 49. Re2 Ne3+ 50. Kg3 d4 51. c3 c5 52. cxd4 cxd4 53.
Rh8+ Ke7 54. Qxb7+ Rd7 55. Qf3 Rc7 56. Rd2 Rc6 57. Rb8 Rc7 58. Rb6 Nf5+ 59. Kh2
Qc4 60. Qe2+ Qxe2+ 61. Rxe2+ Kd7 62. Rd2 Rc6 63. Kg2 Rxb6 64. axb6 Kc6 65. Kf3
Kxb6 66. Ke4 Kc5 67. Rc2+ Kb4 68. Kd3 Kb3 69. Rc7 1-0

[Event "XIII Festival A"]
[Site "Campobasso ITA"]
[Date "2006.07.23"]
[Round "6"]
[White "Mrdja, Milan"]
[Black "Rosato, Luciano"]
[Result "0-1"]
[WhiteElo "2414"]
[BlackElo "2215"]
[PlyCount "107"]
[EventDate "2006.07.21"]

1. e4 g6 2. d4 Bg7 3. Nc3 c6 4. f4 d5 5. e5 h5 6. Nf3 Nh6 7. Be3 Bf5 8. Qd2 e6
9. h3 Nd7 10. Be2 a6 11. Ng5 b5 12. O-O Nb6 13. b3 Bf8 14. Nd1 Qc7 15. Nf2 h4
16. c3 Be7 17. Nd1 c5 18. Bf2 cxd4 19. cxd4 Rc8 20. Qa5 Qb7 21. Bxh4 Rc2 22.
Qe1 Qc7 23. Ne3 Rc3 24. Qf2 Bd3 25. g4 Bxe2 26. Qxe2 Nxg4 27. hxg4 Rxh4 28. Nf3
Rh8 29. Kg2 Kd7 30. Rh1 Rxh1 31. Rxh1 Rc1 32. Rh7 Ke8 33. Qd2 Rb1 34. f5 gxf5
35. gxf5 exf5 36. Nxf5 Qc1 37. Qxc1 Rxc1 38. Nh6 Rc2+ 39. Kg3 Rxa2 40. Nxf7 Rb2
41. Nh6 Rxb3 42. Nf5 Nc8 43. Rh8+ Kd7 44. Rxc8 Kxc8 45. Nxe7+ Kd7 46. Nxd5 a5
47. Nf4 a4 48. e6+ Kd6 49. Kg4 a3 50. Ne5 a2 51. Nf7+ Ke7 52. d5 a1=Q 53. d6+
Kf6 54. d7 0-1

[Event "XIII Festival A"]
[Site "Campobasso ITA"]
[Date "2006.07.23"]
[Round "6"]
[White "Petruccioli, Antonio"]
[Black "Di Lascio, Savino"]
[Result "1-0"]
[WhiteElo "2083"]
[BlackElo "2048"]
[PlyCount "83"]
[EventDate "2006.07.21"]

1. e4 c6 2. d4 d5 3. e5 Bf5 4. h4 h5 5. Ne2 e6 6. Ng3 Bg6 7. Be2 Be7 8. Nxh5
Bxh5 9. Bxh5 g6 10. Be2 Rxh4 11. Rxh4 Bxh4 12. g3 Bg5 13. f4 Bh6 14. c3 g5 15.
fxg5 Bxg5 16. Bh5 Nh6 17. Nd2 Qe7 18. Nf3 Bxc1 19. Qxc1 Nf5 20. Ng5 Nh6 21. Nh7
Ng8 22. Qf4 Nd7 23. O-O-O O-O-O 24. Qxf7 c5 25. Rf1 cxd4 26. cxd4 Qb4 27. Qf2
Ne7 28. Be2 Nf5 29. Rd1 Qe7 30. g4 Qxh7 31. gxf5 exf5 32. Rf1 Rf8 33. Qf4 Nb6
34. b3 Qc7+ 35. Kb2 Kb8 36. Bd3 Rc8 37. Rc1 Na4+ 38. bxa4 Qb6+ 39. Bb5 Rxc1 40.
Kxc1 a6 41. e6+ Ka7 42. e7 1-0

[Event "XIII Festival A"]
[Site "Campobasso ITA"]
[Date "2006.07.23"]
[Round "6"]
[White "Scerbo, Antonio"]
[Black "Voiska, Margarita"]
[Result "0-1"]
[WhiteElo "2109"]
[BlackElo "2330"]
[PlyCount "70"]
[EventDate "2006.07.21"]

1. e4 d6 2. d4 Nf6 3. Nc3 e5 4. Nf3 Nbd7 5. Be2 Be7 6. O-O O-O 7. h3 c6 8. Be3
b5 9. a3 a6 10. Qd2 Bb7 11. Rad1 Qc7 12. d5 cxd5 13. Nxd5 Nxd5 14. exd5 Nf6 15.
Nxe5 dxe5 16. d6 Bxd6 17. Qxd6 Qxc2 18. Rd2 Qf5 19. Rc1 h6 20. Qe7 Bd5 21. Rc7
Qg6 22. Bf1 Rfe8 23. Qb4 Be6 24. Qh4 Nd5 25. Rc6 Nxe3 26. fxe3 Rec8 27. Rxc8+
Rxc8 28. Kh2 Bf5 29. Rd8+ Rxd8 30. Qxd8+ Kh7 31. Qe7 Qe6 32. Qc5 Be4 33. Qb4
Qd5 34. Qa5 Qd1 35. Qb4 f5 0-1